Mark Edward Lewis, Writing and Authority in Early China, Albany, State University of New York Press, 1999, 544 p., bibl., index, (« SUNY Series in Chinese Philosophy and Culture ») (notice n° 1643065)
[ vue normale ]
| 000 -LEADER | |
|---|---|
| fixed length control field | 00594cam a2200145 4500500 |
| 005 - DATE AND TIME OF LATEST TRANSACTION | |
| control field | 20260201151511.0 |
| 041 ## - LANGUAGE CODE | |
| Language code of text/sound track or separate title | fre |
| 042 ## - AUTHENTICATION CODE | |
| Authentication code | dc |
| 100 10 - MAIN ENTRY--PERSONAL NAME | |
| Personal name | Lévi, Jean |
| Relator term | author |
| 245 00 - TITLE STATEMENT | |
| Title | Mark Edward Lewis, Writing and Authority in Early China, Albany, State University of New York Press, 1999, 544 p., bibl., index, (« SUNY Series in Chinese Philosophy and Culture ») |
| 260 ## - PUBLICATION, DISTRIBUTION, ETC. | |
| Date of publication, distribution, etc. | 2001.<br/> |
| 500 ## - GENERAL NOTE | |
| General note | 15 |
| 786 0# - DATA SOURCE ENTRY | |
| Note | L'Homme | 158-159 | 2 | 2001-09-01 | p. 383ze-488ze | 0439-4216 |
| 856 41 - ELECTRONIC LOCATION AND ACCESS | |
| Uniform Resource Identifier | <a href="https://shs.cairn.info/revue-l-homme-2001-2-page-383ze?lang=fr&redirect-ssocas=7080">https://shs.cairn.info/revue-l-homme-2001-2-page-383ze?lang=fr&redirect-ssocas=7080</a> |
Pas d'exemplaire disponible.




Réseaux sociaux